000 00532nam a22001697a 4500
003 OSt
005 20250819053159.0
008 250819b |||||||| |||| 00| 0 eng d
020 _a81-8061-168-X.
040 _cOC
082 _aCirc. 610.73 N294t 2003
100 _aNeeraja, K.P.
245 _aTextbook of nursing education
260 _aNew Delhi :
_b Jaypee Brothers,
_cc2003.
300 _a498 pages :
_b illustration ;
_c24 cm.
942 _2ddc
_cBK-CIRC
_hCirc. 610.73 N294t 2003
_kCirc.
_n0
999 _c4067
_d4067